<?xml version="1.0" encoding="UTF-8"?>
<record
    xmlns:xsi="http://www.w3.org/2001/XMLSchema-instance"
    xsi:schemaLocation="http://www.loc.gov/MARC21/slim http://www.loc.gov/standards/marcxml/schema/MARC21slim.xsd"
    xmlns="http://www.loc.gov/MARC21/slim">

  <leader>04181nam a2200457 u 4500</leader>
  <controlfield tag="001">686055</controlfield>
  <controlfield tag="005">20260506091615.0</controlfield>
  <controlfield tag="008">010830s1997                        spa  </controlfield>
  <datafield tag="020" ind1=" " ind2=" ">
    <subfield code="a">968164252X</subfield>
  </datafield>
  <datafield tag="035" ind1=" " ind2=" ">
    <subfield code="a">686055</subfield>
  </datafield>
  <datafield tag="035" ind1=" " ind2=" ">
    <subfield code="a">(OCoLC)55400733</subfield>
  </datafield>
  <datafield tag="040" ind1=" " ind2=" ">
    <subfield code="c">comduadb</subfield>
  </datafield>
  <datafield tag="041" ind1=" " ind2=" ">
    <subfield code="a">spa</subfield>
  </datafield>
  <datafield tag="080" ind1=" " ind2=" ">
    <subfield code="a">SF</subfield>
  </datafield>
  <datafield tag="082" ind1=" " ind2="4">
    <subfield code="a">639</subfield>
  </datafield>
  <datafield tag="100" ind1="1" ind2="0">
    <subfield code="a">Rabinovich, Jorge E.</subfield>
    <subfield code="4">com</subfield>
    <subfield code="e">com</subfield>
    <subfield code="9">485484</subfield>
  </datafield>
  <datafield tag="245" ind1="1" ind2="0">
    <subfield code="a">Uso y conservaci&#xF3;n de la vida silvestre neotropical</subfield>
  </datafield>
  <datafield tag="260" ind1=" " ind2=" ">
    <subfield code="a">M&#xE9;xico :</subfield>
    <subfield code="b">Fondo de Cultura Econ&#xF3;mica,</subfield>
    <subfield code="c">1997.</subfield>
  </datafield>
  <datafield tag="300" ind1=" " ind2=" ">
    <subfield code="a">612 p&#xE1;ginas :</subfield>
    <subfield code="b">ilustraciones</subfield>
  </datafield>
  <datafield tag="520" ind1="3" ind2=" ">
    <subfield code="a">CONTENIDO : PRIMERA PARTE: Enmarcando los problemas. -- I El uso y la conservaci&#xF3;n de la vida silvestre. -- II Usos y comerciales y de subsistencia de la vida silvestre en Am&#xE9;rica Latina. -- III: Probabilidades de vida silvestre en Am&#xE9;rica Latina. -- SEGUNDA PARTE: Caza de subsistencia. -- IV: Efecto humano en poblaciones de chachalacas, pavas y guacos (galliformes: cr&#xE1;cidas) en Venezuela. -- V: Rendimiento y composici&#xF3;n de la caza durante diez a&#xF1;os en un territorio ind&#xED;gena del Amazonas. -- VI: Siguiendo el camino: Cambios en la caza de subsistencia en una aldea amaz&#xF3;nica brasile&#xF1;a. -- VII: La cacer&#xED;a y su efecto en poblaciones silvestres de primates en Surinam. -- TERCERA PARTE: Caza y acopiamiento para el mercado. -- IX: An&#xE1;lisis econ&#xF3;mico de los huevos de la tortuga marina en una comunidad costera del Pac&#xED;fico de Honduras. -- X: Efectos de la caza en la reproducci&#xF3;n del caim&#xE1;n paraguayo. -- XI: Efectos de la caza en los tapires en Belice. -- XII: Densidades de poblaci&#xF3;n de mam&#xED;feros en sitios protegidos y de caza en el Panam&#xE1; Central. -- XIII: Comercio de pieles de mam&#xED;feros silvestres en Chiapas, M&#xE9;xico. -- CUARTA PARTA: Cultivo y aprovechamiento de la vida silvestre. -- XIV: Aprovechamiento racional de la iguana verde. -- XV: Hacia la domesticaci&#xF3;n de la paca (Agouti = Cuniculus paca) y perspectivas. -- XVI: An&#xE1;lisis del programa de cr&#xED;a y aprovechamiento del caim&#xE1;n de anteojos (Caiman crocodilus) en Venezuela. --  XVII: Explotaci&#xF3;n humana de capibaras. -- QUINTA PARTE: Caza deportiva. -- XVIII: La paloma oriental de alas blancas: factores que influyen en su aprovechamiento y pervivencia. -- XIX: Los patos silbadores como recurso manejable y sostenible en Venezuela. -- XX: Administraci&#xF3;n del venado de cola blanca en Costa Rica. -- SEXTA PARTE: usos comerciales. -- XXI: Lagartos Tupinambis en Argentina: Implantaci&#xF3;n de la administraci&#xF3;n de un recurso tradicionalmente explotado. -- XXII: Rendimiento sostenido del guanaco de la Patagonia. -- XXIII: Aprovechamiento de la vicu&#xF1;a y la bioeconom&#xED;a de una comunidad andina en Catamarca, Argentina. -- XXIV: Aprovechamiento sostenible de loros neotropicales. -- XXV: El comercio de psit&#xE1;cidos en M&#xE9;xico. -- XXVI: El turismo como aprovechamiento sostenido de la vida silvestre: un caso pr&#xE1;ctico en Madre de Dios, en el sureste de Per&#xFA;. -- S&#xC9;PTIMA PARTE: El futuro. -- XXVII: Cosecha sostenible de mam&#xED;feros forestales neotropicales. -- XXVIII: Posibilidades para la administraci&#xF3;n de la vida silvestre en Am&#xE9;rica Latina y el Caribe.</subfield>
  </datafield>
  <datafield tag="650" ind1=" " ind2=" ">
    <subfield code="a">Caza - America Latina</subfield>
    <subfield code="9">79198</subfield>
  </datafield>
  <datafield tag="650" ind1=" " ind2=" ">
    <subfield code="a">Administraci&#xF3;n de la vida silvestre - Am&#xE9;rica Latina</subfield>
    <subfield code="9">79206</subfield>
  </datafield>
  <datafield tag="650" ind1=" " ind2=" ">
    <subfield code="a">Conservacion de la vida silvestre - America Latina</subfield>
    <subfield code="9">79208</subfield>
  </datafield>
  <datafield tag="650" ind1=" " ind2="7">
    <subfield code="a">Tortugas marinas</subfield>
    <subfield code="2">lemb</subfield>
    <subfield code="9">19285</subfield>
  </datafield>
  <datafield tag="650" ind1=" " ind2=" ">
    <subfield code="a">Iguana verde : iguana iguana</subfield>
    <subfield code="9">28106</subfield>
  </datafield>
  <datafield tag="650" ind1=" " ind2=" ">
    <subfield code="a">Paca: Agouti Paca</subfield>
    <subfield code="9">57879</subfield>
  </datafield>
  <datafield tag="650" ind1=" " ind2=" ">
    <subfield code="a">Caiman comun de anteojos : Caiman crocodilus fuscus</subfield>
    <subfield code="9">172199</subfield>
  </datafield>
  <datafield tag="650" ind1=" " ind2=" ">
    <subfield code="a">Venado de cola blanca : Odocoileus virginianus</subfield>
    <subfield code="9">55238</subfield>
  </datafield>
  <datafield tag="650" ind1=" " ind2=" ">
    <subfield code="a">Vida silvestre</subfield>
    <subfield code="9">19625</subfield>
  </datafield>
  <datafield tag="650" ind1=" " ind2=" ">
    <subfield code="a">Fauna silvestre</subfield>
    <subfield code="9">21691</subfield>
  </datafield>
  <datafield tag="650" ind1=" " ind2=" ">
    <subfield code="a">Comercio de animales silvestres</subfield>
    <subfield code="9">176010</subfield>
  </datafield>
  <datafield tag="650" ind1=" " ind2=" ">
    <subfield code="a">Biodiversidad - Am&#xE9;rica Latina y el Caribe</subfield>
    <subfield code="9">180131</subfield>
  </datafield>
  <datafield tag="650" ind1=" " ind2=" ">
    <subfield code="a">Biodiversidad y producci&#xF3;n</subfield>
    <subfield code="9">72276</subfield>
  </datafield>
  <datafield tag="650" ind1=" " ind2=" ">
    <subfield code="a">Caza de subsistencia</subfield>
    <subfield code="9">111252</subfield>
  </datafield>
  <datafield tag="650" ind1=" " ind2=" ">
    <subfield code="a">Aprovechamiento de recursos naturales</subfield>
    <subfield code="9">18338</subfield>
  </datafield>
  <datafield tag="650" ind1=" " ind2="0">
    <subfield code="a">Naturaleza - Protecci&#xF3;n</subfield>
    <subfield code="9">33993</subfield>
  </datafield>
  <datafield tag="650" ind1=" " ind2=" ">
    <subfield code="a">&#xC9;tica ecol&#xF3;gica</subfield>
    <subfield code="9">71943</subfield>
  </datafield>
  <datafield tag="700" ind1="1" ind2="0">
    <subfield code="a">Robinson, John G.</subfield>
    <subfield code="4">com</subfield>
    <subfield code="e">com</subfield>
    <subfield code="9">341881</subfield>
  </datafield>
  <datafield tag="700" ind1="1" ind2="0">
    <subfield code="a">Aranda, Marcelo</subfield>
    <subfield code="4">aut</subfield>
    <subfield code="e">aut</subfield>
    <subfield code="9">501033</subfield>
  </datafield>
  <datafield tag="942" ind1=" " ind2=" ">
    <subfield code="c">BOOK</subfield>
  </datafield>
  <datafield tag="999" ind1=" " ind2=" ">
    <subfield code="c">211118</subfield>
    <subfield code="d">211118</subfield>
  </datafield>
  <datafield tag="952" ind1=" " ind2=" ">
    <subfield code="0">0</subfield>
    <subfield code="1">0</subfield>
    <subfield code="4">0</subfield>
    <subfield code="7">0</subfield>
    <subfield code="8">GEN</subfield>
    <subfield code="a">BC</subfield>
    <subfield code="b">BC</subfield>
    <subfield code="d">2023-04-23</subfield>
    <subfield code="e">Libreria La Fragua</subfield>
    <subfield code="g">23000.00</subfield>
    <subfield code="i">C699271</subfield>
    <subfield code="l">0</subfield>
    <subfield code="o">639.9098 R662</subfield>
    <subfield code="p">61000002533442</subfield>
    <subfield code="r">2025-02-19 15:40:47</subfield>
    <subfield code="t">1</subfield>
    <subfield code="w">2023-04-23</subfield>
    <subfield code="y">BOOK</subfield>
  </datafield>
  <datafield tag="952" ind1=" " ind2=" ">
    <subfield code="0">0</subfield>
    <subfield code="1">0</subfield>
    <subfield code="4">0</subfield>
    <subfield code="7">0</subfield>
    <subfield code="8">GENERAL</subfield>
    <subfield code="a">BR</subfield>
    <subfield code="b">BR</subfield>
    <subfield code="d">2002-08-03</subfield>
    <subfield code="e">Libreria La Fragua</subfield>
    <subfield code="g">31500.00</subfield>
    <subfield code="i">C751714</subfield>
    <subfield code="l">0</subfield>
    <subfield code="o">SF459 R6</subfield>
    <subfield code="p">61000001709837</subfield>
    <subfield code="r">2023-04-23 00:00:00</subfield>
    <subfield code="t">2</subfield>
    <subfield code="w">2023-04-23</subfield>
    <subfield code="y">BOOK</subfield>
  </datafield>
  <datafield tag="952" ind1=" " ind2=" ">
    <subfield code="0">0</subfield>
    <subfield code="1">0</subfield>
    <subfield code="4">0</subfield>
    <subfield code="7">0</subfield>
    <subfield code="8">GENERAL</subfield>
    <subfield code="a">BR</subfield>
    <subfield code="b">BR</subfield>
    <subfield code="d">2008-09-30</subfield>
    <subfield code="e">Cooprudea</subfield>
    <subfield code="g">69600.00</subfield>
    <subfield code="i">C1019492</subfield>
    <subfield code="l">0</subfield>
    <subfield code="o">SF459 R6 e2</subfield>
    <subfield code="p">0681012</subfield>
    <subfield code="r">2023-04-23 00:00:00</subfield>
    <subfield code="t">3</subfield>
    <subfield code="w">2023-04-23</subfield>
    <subfield code="y">BOOK</subfield>
  </datafield>
</record>
